Crónicas culturales /

Guardado en:
Bibliografiske detaljer
Hovedforfatter: Vila-Sanjuán, Sergio, 1957-
Format: Ukendt
Sprog:Spanish
Udgivet: España: Debolsillo, 2004
Serier:Ensayo, crónica 88
Fag:
Tags: Tilføj Tag
Ingen Tags, Vær først til at tagge denne postø!

MARC

LEADER 000000000a22000000004500
001 001057
008 170622s2004 sp ||||| |||| 00| 0dspa d
020 |a 8497932196 
041 0 |a Español 
082 |a 929  |b V697c 
100 1 |a Vila-Sanjuán, Sergio,   |d 1957- 
245 1 0 |a Crónicas culturales /  |c Sergio Vila-Sanjuán 
260 |a España:   |b Debolsillo,   |c 2004 
300 |a 622 páginas 
490 1 |a Ensayo, crónica  |v 88 
500 |a Número de inscripción 9926 (George Yúdice) 
650 1 4 |a CIVILIZACION  |v ENTREVISTAS 
942 |2 ddc  |c BK 
999 |c 2175  |d 2175